Di zhi dao gong he /

Saved in:
Bibliographic Details
Main Author: Yang, Tianshi.
Format: Book
Language:Chinese
Published: Taibei Shi : Feng yun shi dai chu ban gu fen you xian gong si, 2009.
Edition:Chu ban.
Series:Yang, Tianshi. Works. 2009.
Yang, Tianshi. Jie kai Minguo shi de zhen xiang ; juan 1.
Subjects:
Tags: Add Tag
No Tags, Be the first to tag this record!
LEADER 01706nam a2200445Ia 4500
001 012141663-1
005 20170215160330.0
008 100203s2009 ch a b 000 0 chi d
020 |a 9789861465890 
020 |a 9861465898 
035 0 |a ocn503253712 
040 |a HNK  |c HNK  |d HMY 
050 0 0 |a DS761  |b .Y37 2009 
090 |a DS774.7  |b .Y38 2009 vol.1 
100 1 |6 880-01  |a Yang, Tianshi. 
245 1 0 |6 880-02  |a Di zhi dao gong he /  |c Yang Tianshi zhu. 
250 |6 880-03  |a Chu ban. 
260 |6 880-04  |a Taibei Shi :  |b Feng yun shi dai chu ban gu fen you xian gong si,  |c 2009. 
300 |a 475 p. :  |b ill. ;  |c 21 cm. 
490 1 |6 880-05  |a Yang Tianshi wen xuan 
490 1 |6 880-06  |a Jie kai Minguo shi de zhen xiang ;  |v juan 1 
504 |a Includes bibliographical references. 
651 0 |6 880-07  |a China  |x History  |y 1912-1928. 
651 0 |6 880-08  |a China  |x Politics and government  |y 1912-1928. 
650 0 |a Political science  |z China  |x History. 
880 1 |6 100-01  |a 楊天石. 
880 1 0 |6 245-02  |a 帝制到共和 /  |c 楊天石著. 
880 |6 250-03  |a 初版. 
880 |6 260-04  |a 台北市 :  |b 風雲時代出版股份有限公司,  |c 2009. 
880 1 |6 490-05  |a 楊天石文選 
880 1 |6 490-06  |a 揭開民國史的真相 ;  |v 卷1 
880 4 |6 651-07  |a 中國  |x History  |y 1912-1928. 
880 4 |6 651-08  |a 中國  |x Politics and government  |y 1912-1928. 
800 1 |6 880-10  |a Yang, Tianshi.  |t Works.  |k Selections.  |f 2009. 
880 1 |6 800-10  |a 楊天石.  |t Works.  |k Selections.  |f 2009. 
800 1 |6 880-11  |a Yang, Tianshi.  |t Jie kai Minguo shi de zhen xiang ;  |v juan 1. 
880 1 |6 800-11  |a 楊天石.  |t 揭開民國史的真相 ;  |v 卷1. 
988 |a 20091209 
049 |a HMYC  |o d 
906 |0 OCLC